Συμβολή εις την διερεύνησιν των υπό της Τουρκίας παρεχομένων στοιχείων επί της δημογραφικής καταστάσεως αυτής : (βάσει της γενομένης την 23.10.55 εν Τουρκία, γενικής απογραφής)
Αποθηκεύτηκε σε:
| Κύριος συγγραφέας: | |
|---|---|
| Μορφή: | Βιβλίο |
| Γλώσσα: | Greek |
| Δημοσίευση: |
Αθήναι :
[χ.ό],
1955
|
| Θέματα: | |
| Διαθέσιμο Online: | http://hdl.handle.net/11610/17016 |
| Ετικέτες: |
Προσθήκη ετικέτας
Δεν υπάρχουν, Καταχωρήστε ετικέτα πρώτοι!
|
MARC
| LEADER | 00000cam a2200000 i 4500 | ||
|---|---|---|---|
| 001 | 1/60332 | ||
| 008 | 141126s1955 gre d | ||
| 035 | |l 10119854 | ||
| 040 | |a GR-MY-UA |b gre |e aacr | ||
| 041 | 0 | |a gre | |
| 082 | 0 | |a 304.609 |2 (23) | |
| 100 | 1 | |a Νάσσος, Γ. Κ. | |
| 245 | 1 | 0 | |a Συμβολή εις την διερεύνησιν των υπό της Τουρκίας παρεχομένων στοιχείων επί της δημογραφικής καταστάσεως αυτής : |b (βάσει της γενομένης την 23.10.55 εν Τουρκία, γενικής απογραφής) / |c Γ. Κ. Νάσσου |
| 260 | |a Αθήναι : |b [χ.ό], |c 1955 | ||
| 300 | |a 23 σ.; |b διαγρ. χάρτης; |c 24 εκ. | ||
| 500 | |a Υπάρχει ψηφιακό αντίγραφο. | ||
| 500 | |a Στο εξώφυλλο σφραγίδα "Δημόσια Εμπορική Σχολή Σάμου Εν Καρλοβασίω". Στο recto σφραγίδα "Δωρεά Μαθητικής Πρόνοιας Δια Την Δανειστικήν Βιβλιοθήκην Του Σχολείου". Στη σ. τ. σφραγίδα "Δημόσια Εμπορική Σχολή Σάμου Εν Καρλοβασίω". | ||
| 650 | 0 | 0 | |a Population. |
| 650 | 0 | 0 | |a Demography |x History |y 20th century. |
| 651 | 0 | |a Asia |x Population. | |
| 852 | |a INST |b SAMOS |c PORFYRIADA |e 20141126 |h 304.609 ΝΑΣ |p 005300040791 |q 005300040791 |t NOLOAN |y 23 | ||
| 856 | |u http://hdl.handle.net/11610/17016 | ||
| 901 | |a BIBL3-2014-3 | ||
| 909 | |a Σ |b 185393 | ||
| 970 | |a ΣΙΤΖΙΜΗ |b ΓΙΑΣΕΜΗ |z 2014/11/26 | ||